Logos de la NBA fusionados - Estadísticas

Estadísticas generales
  • Esta prueba ha sido intentada 245 veces
  • La puntuación promedio es 12 de 15
Estadísticas de respuestas
Imagen Respuesta % Correcto
Denver Warriors
Golden State Nuggets
96%
Indiana Lakers
Los Angeles Pacers
93%
Philadelphia Spurs
San Antonio 76ers
93%
Boston Wizards
Washington Celtics
91%
Chicago Pelicans
New Orleans Bulls
89%
Brooklyn Raptors
Toronto Nets
84%
Minnesota Trail Blazers
Portland Timberwolves
82%
Charlotte Bucks
Milwaukee Hornets
81%
Dallas Grizzlies
Memphis Mavericks
81%
Atlanta Thunder
Oklahoma City Hawks
78%
Cleveland Rockets
Houston Cavaliers
78%
Detroit Kings
Sacramento Pistons
75%
Miami Suns
Phoenix Heat
67%
Los Angeles Jazz
Utah Clippers
65%
New York Magic
Orlando Knicks
47%
No se encontraron pruebas coincidentes
Distribución de puntuación
Porcentaje de gente con cada puntuación
Porcentaje por número respondido
Historial de tus puntuaciones
No has intentado esta prueba.